Statistics for Most Densely Populated Countries with Exceptions

Click here to take the quiz!

General Stats

  • This quiz has been taken 18,419 times
    (18,382 since last reset)
  • The average score is 13 of 20

Answer Stats

Density Country % Correct
416India
89%
276United Kingdom
86%
336Japan
86%
1167Bangladesh
81%
231Germany
78%
197Italy
74%
512South Korea
72%
254Pakistan
71%
294Vietnam
69%
230Nigeria
68%
413Netherlands
66%
379Belgium
65%
360Philippines
61%
656Taiwan
59%
320Sri Lanka
47%
209Switzerland
46%
213North Korea
44%
203Nepal
43%
189Uganda
27%
230Dominican Republic
19%

Score Distribution

Percentile by Number Answered

Percent of People with Each Score

Your Score History

You have not taken this quiz since the last reset